000 00866nam a2200253 i 4500
001 130712
003 ES-MaACL
005 20230906193822.0
007 t|
008 070806s1974 mx |||| | spa d
080 _a32(8)"19"
100 1 _aZavaleta Mercado, René.
_9118110
245 1 3 _aEl poder dual en América Latina
_b: con un prefacio sobre los acontecimientos chilenos /
_cpor René Zavaleta Mercado.
250 _a1ª ed.
260 _aMéxico :
_bSiglo Veintiuno,
_c1974.
300 _a270 p. ;
_c15 cm.
490 1 _aColección mínima ;
_v65
651 4 _aBolivia-
_xPolítica y gobierno-
_y1952-1982.
_9149160
651 4 _aChile-
_xPolítica y gobierno-
_y1970-1973.
_98044
651 4 _aChile-
_xPolítica y gobierno-
_y1973-1988.
_98045
830 0 _aColección mínima ;
_v65
_9219498
852 _aES-MaACL
_jE-8079
999 _c130712
_d130712